00305pab a2200121 454500008004000000100002100040245006100061260000900122300001200131362001100143650001400154773001500168180718b2015 xxu||||| |||| 00| 0 eng d aSrivastava, Arun aResurgence of the communist revolutionary force in Bihar c2015 ap.9-12. a12 Dec aCommunism aMainstream